000 00553nam a2200205Ia 4500
003 OSt
005 20220918105416.0
006 a|||||r|||| 00| 0
007 ta
008 220915b |||||||| |||| 00| 0 eng d
024 _a92,403
037 _cReference Collections
040 _aARTS
_cARTS
_beng
041 _2eng
_aeng
082 _aM195k, L6(RR)
100 _aBuchanan Brian Au.
_91217
245 0 _aGlossary of indexing terms
942 _hM195k, L6(RR)
_cREF
999 _c106872
_d106872